Spell the Marvel Character #148 - Statistics

General Stats
  • This quiz has been taken 24 times
  • The average score is 6 of 9
Answer Stats
Picture Answer % Correct
Ant-Man
95%
Elektra
90%
Echo
86%
Lockjaw
81%
Kitty Pryde
76%
Luke Cage
48%
Captain Universe
43%
Guardian
43%
Uranian
29%
No matching quizzes found
Score Distribution
Percent of People with Each Score
Percentile by Number Answered
Your Score History
You have not taken this quiz